MARC

LEADER 00000nab a2200000 a 4500
001 vtls000454964
003 SK-MaSNL
005 20260303232222.0
008 160215c1992 xo 0 slo
015 |a SNBRB19rr/mm-uuuuu 
035 |a CL0455095 
040 |a SNKBUCL  |b slo  |c SNKBUCL  |e AACR2 
041 0 |a slo 
044 |a xo  |c SK 
080 |a 82.035:820  |2 1981 
080 |a 820.035  |2 1981 
100 1 |a Boor, Ján,  |d 1915-2002  |4 aut  |9 88134 
245 1 0 |a Preklady zo Shakespeara  |c Ján Boor 
600 1 7 |a Shakespeare, William,  |d 1564-1616  |2 snkbucl  |9 92336 
650 0 7 |a anglická dráma  |2 snkbucl  |9 1177 
650 0 7 |a literárny preklad  |2 snkbucl  |9 28595 
650 0 7 |a preklady do slovenčiny  |2 snkbucl  |9 59836 
655 7 |a štúdie  |2 snkbucl  |9 57033 
655 7 |a články z odboru literárna veda a krásna literatúra  |2 snkbucl  |9 770045 
655 7 |a články z novín a časopisov  |2 snkbucl  |9 267496 
773 0 |t Romboid  |g Roč. 27, č. 4 (1992), s. 52-55 
850 |a Slovenská národná knižnica v Martine  |a MTA001 
852 |a SNK  |b KIS3GCP 
958 |a BX 
958 |a RK 
958 |a LX 
992 |a RBX 
999 |c 2270674  |d 2272604